Macho Man Randy Savage's Wrestlemania Opponents - Statistics

General Stats
  • This quiz has been taken 84 times
  • The average score is 7 of 11
Answer Stats
WrestleMania Opponent % Correct
WrestleMania V Hulk Hogan
98%
WrestleMania VII The Ultimate Warrior
91%
WrestleMania III Ricky "The Dragon" Steamboat
88%
WrestleMania IV Ted DiBiase
86%
WrestleMania VIII Ric Flair
85%
WrestleMania X Crush
52%
WrestleMania 2 George "The Animal" Steele
51%
WrestleMania IV One Man Gang
46%
WrestleMania VI Dusty Rhodes
45%
WrestleMania IV Greg "The Hammer" Valentine
40%
WrestleMania IV Butch Reed
32%
No matching quizzes found
Score Distribution
Percent of People with Each Score
Percentile by Number Answered
Your Score History
You have not taken this quiz